Statistiques concernant Les plus gros partenaires commerciaux - Espagne

Cliquez ici pour prendre le quiz!

Statistiques générales

  • Ce quiz a été pris 184 fois
  • Le résultat moyen est 15 sur 18

Statistiques - réponses

exportationsimportationspays% Correct
12,5 md11,7 mdEtats-Unis
100%
43,8 md37,2 mdFrance
100%
20,2 md12,1 mdPortugal
99%
22,5 md20,9 mdItalie
98%
32,7 md45.5 mdAllemagne
96%
5,57 md22,0 mdChine
96%
21,8 md13,6 mdRoyaume-Uni
96%
7,64 md6,20 mdMaroc
95%
4,53 mdMexique
93%
9,10 md10,4 mdBelgique
92%
3,32 md5,00 mdAlgérie
89%
9,06 md16,0 mdPays-Bas
88%
4,43 md4,01 mdSuisse
86%
5,61 md6,06 mdPologne
81%
5,74 md5,44 mdTurquie
76%
4,14 mdIrlande
70%
2,89 mdRoumanie
47%
4,70 mdTchèquie
44%

Distribution des résultats

Percentile par nombre de réponses

% des personnes avec chaque résultat

Votre développement - résultats

Vous n’avez pas pris ce quiz